logo

Bir Sreshtho Munshi Abdur Rouf Library
Jhenaidah Cadet College

মায়ের কাছে ফেরা / (Record no. 11491)

MARC details
000 -LEADER
fixed length control field 00660nam a2200229 a 4500
001 - CONTROL NUMBER
JCCL Control Number 1148
003 - CONTROL NUMBER IDENTIFIER
JCCL marc code BD-JhCC
005 - DATE AND TIME OF LATEST TRANSACTION
control field 20190928080241.0
008 - FIXED-LENGTH DATA ELEMENTS--GENERAL INFORMATION
fixed length control field 190628b 2009bg a|||| ||a| 000 0 ben d
020 ## - INTERNATIONAL STANDARD BOOK NUMBER
International Standard Book Number 9847011700595
035 ## - SYSTEM CONTROL NUMBER
system control number (BD-JhCC)1148
040 ## - CATALOGING SOURCE
Original cataloging agency BD-JhCC
Modifying agency BD-JhCC
041 ## - LANGUAGE CODE
Language code of Book ben
082 ## - DEWEY DECIMAL CLASSIFICATION NUMBER
Classification number 891.443
Author mark and Year DAT 2009
100 ## - MAIN ENTRY--PERSONAL NAME
Personal name দত্ত, হরিপদ
245 ## - TITLE STATEMENT
Title মায়ের কাছে ফেরা /
Statement of responsibility, etc হরিপদ দত্ত ।
260 ## - PUBLICATION, DISTRIBUTION, ETC. (IMPRINT)
Place of publication, distribution, etc ঢাকা:
Name of publisher, distributor, etc রোদেলা;
Date of publication, distribution, etc ২০০৯.
300 ## - PHYSICAL DESCRIPTION
Pagination ৫৩ পৃ. :
Other physical details ill;
Dimensions ২৬ সেমি.
650 ## - SUBJECT ADDED ENTRY--TOPICAL TERM
Topical term or geographic name as entry element Novel
942 ## - ADDED ENTRY ELEMENTS (KOHA)
Source of classification or shelving scheme Dewey Decimal Classification
Koha item type Books

No items available.


JCC Library | Contacts | JCC Home

Last Update on 23 September 2017
Copyright @ 2017-2020 JCC Rouf Library
Rouf Library, Jhenidah Cadet College (JCC), Bangladesh